000 01124nam a22002535i 4500
001 155114
003 ES-MaACL
005 20240126063016.0
008 020912s1877 fr |||| | fre d
080 _a159.964.2
100 1 _aHartmann, Eduard von,
_d1842-1906
_961986
245 1 0 _aPhilosophie de l'inconscient /
_cpar Édouard de Hartmann ; traduite de l'allemand et précédée d'une introduction par D. Nolen.
250 _aÉd. revue
_bpar l'auteur et précédée d'une préface écrite pour cette éd.
260 _aParis :
_bLibrairie Germer Baillère et Cie.,
_c1877 (
_fImp. de E. Martinet)
300 _a2 v. ;
_c22 cm.
490 1 _aBibliothèque de philosophie contemporaine
505 8 _aContiene: I. Phénoménologie de l'inconscient (LXXI, 592 p.) -- II. Métaphysique de l'inconscient (618 p.)
650 4 _aSubconsciente.
_917233
700 1 _aNolen, Desiré.
_9153147
830 1 _aBibliothèque de philosophie contemporaine
_9181027
852 4 _aES-MaACL
_jD-6587-88
_z- Enc. pasta española
852 4 _aES-MaACL
_jD-4587-88
_z- Enc. cart.
999 _c155114
_d155114